Curso de religión para servir de texto en las clases de religión

Gespeichert in:
Bibliographische Detailangaben
1. Verfasser: Polidori, Eugenio, (S.J.)
Weitere Verfasser: Pons, Jaime, (S.J.)
Format: Buch
Sprache:Spanisch
Erschienen: Madrid : Hijos de Gregorio del Amo, 1924
Ausgabe:3ª ed. corr. y completada en algunos puntos / por el P. Jaime Pons, S. J.
Katalog:MANES:  Suchergebnis im Bibliothekskatalog
Schulbuchspezifische Eigenschaften:
Schlagworte:
Tags: Tag hinzufügen
Keine Tags, Fügen Sie den ersten Tag hinzu!
Hinzugefügt zu:09.02.2019
Geändert in:07.05.2025

MARC

LEADER 00000cam a2200000 4500
005 20250507134541.0
008 190210S1924 0esp h 0000 00spa0d
040 |a uned  |b spa  |c entro-manes 
041 0 |a spa 
100 1 |a Polidori, Eugenio,  |c (S.J.)  |9 40364 
245 1 0 |a Curso de religión para servir de texto en las clases de religión  |c P. Eugenio Polidori, S. J. 
250 |a 3ª ed. corr. y completada en algunos puntos / por el P. Jaime Pons, S. J. 
260 |a Madrid :  |b Hijos de Gregorio del Amo,  |c 1924 
300 |a 364 p. 
546 |a España 
561 |5 es-BUNED  |3 L.T. 1848  |a España. Fondo Manes UNED  |k MANES 
690 0 |a RyM 
650 7 |a Enseñanza religiosa 
700 1 1 |a Pons, Jaime,  |c (S.J.)  |9 40365 
942 |2 ddc  |c BK 
999 |c 97057  |d 97057 
999 |c manes:97057  |d 97057